[Event "Ruhrgebiet Verbandsklasse Gruppe 3 1718"]
[Site "Germany"]
[Date "2018.04.29"]
[Round "9.2"]
[White "Boehm, Ingo"]
[Black "Hermanowski, Mark"]
[Result "0-1"]
[WhiteElo "2034"]
[BlackElo "1860"]
[PlyCount "126"]
[EventDate "2017.09.17"]
[EventType "team-tourn"]
[EventRounds "9"]
[EventCountry "GER"]
[SourceTitle "EXT 2022"]
[Source "ChessBase"]
[SourceDate "2021.10.06"]
[SourceVersion "1"]
[SourceVersionDate "2021.10.06"]
[SourceQuality "1"]
[WhiteTeam "Bochum-Linden"]
[BlackTeam "Hervest Dorsten"]
[WhiteTeamCountry "GER"]
[BlackTeamCountry "GER"]

1. e4 e6 2. d4 b6 3. Bd3 Bb7 4. Be3 h6 5. Ne2 g5 6. 0-0 Nf6 7. Nbc3 Qe7 8. Ng3 d6 9. e5 Nd5 10. Nxd5 Bxd5 11. f4 Nd7 12. Ba6 gxf4 13. Bxf4 dxe5 14. dxe5 Qb4 15. Qe2 Qxb2 16. Rad1 Bc6 17. Ne4 Be7 18. Qc4 Nc5 19. Rb1 Qa3 20. Bb5 Bxb5 21. Qxb5+ Nd7 22. Qc4 0-0-0 23. Rf3 Bc5+ 24. Kh1 Qa5 25. h3 Nb8 26. Rc3 Rd4 27. Nd6+ Kd7 28. Rd3 Rxd3 29. Nb7 Qa3 30. Nxc5+ Qxc5 31. Qxd3+ Qd5 32. Qe2 Kc8 33. c4 Qc5 34. Rf1 Nc6 35. Qf3 Kb8 36. Qe4 Rd8 37. Bxh6 Nxe5 38. Be3 Qxc4 39. Qb1 Qd3 40. Qe1 Qd5 41. Qg3 Rd7 42. Qf2 f5 43. Qg3 Nc4 44. Bh6 Nd6 45. a3 Ne4 46. Qg6 Kb7 47. Kh2 Rd6 48. Bc1 Rc6 49. Qg7 Qd3 50. Re1 Qd6+ 51. Kg1 Ng3 52. Qb2 Qd3 53. Bf4 Rc2 54. Qe5 Ne2+ 55. Kh2 Nxf4 56. Qxf4 Qd5 57. Qf1 e5 58. Rc1 Rxc1 59. Qxc1 e4 60. Qf4 Qe6 61. h4 Kc6 62. Qc1+ Kd7 63. Qd1+ Qd6+ 0-1

[Event "Ruhrgebiet Verbandsklasse Gruppe 3 1718"]
[Site "Germany"]
[Date "2017.11.05"]
[Round "3.2"]
[White "Hermanowski, Mark"]
[Black "Kunisch, Siegfried"]
[Result "0-1"]
[WhiteElo "1840"]
[BlackElo "1967"]
[PlyCount "120"]
[EventDate "2017.09.17"]
[EventType "team-tourn"]
[EventRounds "9"]
[EventCountry "GER"]
[SourceTitle "EXT 2022"]
[Source "ChessBase"]
[SourceDate "2021.10.06"]
[SourceVersion "1"]
[SourceVersionDate "2021.10.06"]
[SourceQuality "1"]
[WhiteTeam "Hervest Dorsten"]
[BlackTeam "Essen Listiger Bauer"]
[WhiteTeamCountry "GER"]
[BlackTeamCountry "GER"]

1. e4 e5 2. f4 Qf6 3. Nf3 Qxf4 4. Nc3 Bb4 5. Qe2 Nf6 6. d3 Qg4 7. Nxe5 Qxe2+ 8. Bxe2 d5 9. exd5 Nxd5 10. Bd2 Nxc3 11. bxc3 Be7 12. 0-0 0-0 13. Bf3 Bf6 14. Nc4 Nd7 15. d4 c5 16. Be3 Rb8 17. Bf4 cxd4 18. Bxb8 Nxb8 19. Nd6 Nc6 20. Rab1 dxc3 21. Nxc8 Rxc8 22. Rxb7 Nd4 23. Be4 Ne6 24. Rfb1 Bd4+ 25. Kf1 Bb6 26. Bd5 Rd8 27. Rd1 Kf8 28. Bf3 Nd4 29. Be4 f5 30. Bd3 Nb5 31. Re1 Nd6 32. Rbe7 Ne4 33. Re5 Nd2+ 34. Ke2 g6 35. Kd1 Nc4 36. Kc1 Nxe5 37. Rxe5 Kf7 38. Rb5 Rd4 39. Rb3 Rg4 40. g3 Bd4 41. Kd1 h5 42. Be2 Re4 43. Rb7+ Kf6 44. Rd7 Ke6 45. Rd8 Be5 46. Ra8 Ra4 47. Bb5 Rd4+ 48. Bd3 h4 49. gxh4 Rxh4 50. Rxa7 Rxh2 51. Ra6+ Kf7 52. a4 Rd2+ 53. Kc1 Bf4 54. Kb1 Rd1+ 55. Ka2 Rxd3 56. Kb3 Re3 57. a5 g5 58. Ra8 Re7 59. a6 Be3 60. Kc4 g4 0-1

[Event "Ruhrgebiet Verbandsklasse Gruppe 1 1617"]
[Site "Germany"]
[Date "2017.01.29"]
[Round "6.2"]
[White "Hermanowski, Mark"]
[Black "Grube, Joerg"]
[Result "1-0"]
[WhiteElo "1922"]
[BlackElo "1892"]
[PlyCount "41"]
[EventDate "2016.09.04"]
[EventType "team-tourn"]
[EventRounds "9"]
[EventCountry "GER"]
[SourceTitle "EXT 2022"]
[Source "ChessBase"]
[SourceDate "2021.10.06"]
[SourceVersion "1"]
[SourceVersionDate "2021.10.06"]
[SourceQuality "1"]
[WhiteTeam "Hervest Dorsten"]
[BlackTeam "Dortmund FS"]
[WhiteTeamCountry "GER"]
[BlackTeamCountry "GER"]

1. e4 e5 2. f4 exf4 3. Nf3 h6 4. d4 g5 5. Bc4 d6 6. 0-0 Be6 7. Bxe6 fxe6 8. e5 Bg7 9. Qd3 Ne7 10. Qb5+ Nbc6 11. exd6 Qxd6 12. c3 0-0-0 13. Re1 a6 14. Qb3 e5 15. Nbd2 exd4 16. Ne4 Qd5 17. c4 Qf5 18. Qa3 Ng6 19. h4 Rhe8 20. Qd3 Nce5 21. Nd6+ 1-0

[Event "Ruhrgebiet Verbandsklasse Gruppe 1 1617"]
[Site "Germany"]
[Date "2016.11.27"]
[Round "4.2"]
[White "Hermanowski, Mark"]
[Black "Horn, Stefan"]
[Result "0-1"]
[WhiteElo "1910"]
[BlackElo "1927"]
[PlyCount "87"]
[EventDate "2016.09.04"]
[EventType "team-tourn"]
[EventRounds "9"]
[EventCountry "GER"]
[SourceTitle "EXT 2022"]
[Source "ChessBase"]
[SourceDate "2021.10.06"]
[SourceVersion "1"]
[SourceVersionDate "2021.10.06"]
[SourceQuality "1"]
[WhiteTeam "Hervest Dorsten"]
[BlackTeam "Oberhausen SV III"]
[WhiteTeamCountry "GER"]
[BlackTeamCountry "GER"]

1. e4 c5 2. f4 e6 3. Nf3 Nc6 4. Be2 Nf6 5. d3 d6 6. 0-0 Be7 7. Qe1 0-0 8. Nc3 Nd4 9. Bd1 Nxf3+ 10. Rxf3 Rb8 11. Rh3 b5 12. Qh4 b4 13. Ne2 h6 14. Qg3 Kh7 15. e5 Ng8 16. c3 f5 17. exd6 Qxd6 18. Bc2 Rf6 19. Be3 Bb7 20. Qf2 Rg6 21. Rg3 bxc3 22. bxc3 Bh4 23. Bxc5 Bxg3 24. hxg3 Qd5 25. Bxa7 Ra8 26. a4 Rxa7 27. Nd4 Ra8 28. Bb3 Qd6 29. Qe3 Bd5 30. c4 Bb7 31. Nb5 Qc6 32. Ra2 h5 33. Bd1 h4 34. Bf3 Qd7 35. gxh4 Bxf3 36. Qxf3 Ra5 37. d4 Nf6 38. Qc3 Qd8 39. c5 Ne4 40. Qb4 Ra6 41. Qc4 Qxh4 42. Re2 Rh6 43. Rxe4 fxe4 44. c6 0-1

[Event "Ruhrgebiet Verbandsklasse Gruppe 1 1617"]
[Site "Germany"]
[Date "2016.09.25"]
[Round "2.2"]
[White "Hermanowski, Mark"]
[Black "Kusnetsov, Mark"]
[Result "0-1"]
[WhiteElo "1910"]
[BlackElo "2092"]
[PlyCount "114"]
[EventDate "2016.09.04"]
[EventType "team-tourn"]
[EventRounds "9"]
[EventCountry "GER"]
[SourceTitle "EXT 2022"]
[Source "ChessBase"]
[SourceDate "2021.10.06"]
[SourceVersion "1"]
[SourceVersionDate "2021.10.06"]
[SourceQuality "1"]
[WhiteTeam "Hervest Dorsten"]
[BlackTeam "Recklinghausen Altstadt"]
[WhiteTeamCountry "GER"]
[BlackTeamCountry "GER"]

1. e4 c5 2. f4 e6 3. Nf3 d6 4. Be2 Nd7 5. 0-0 g6 6. Qe1 Bg7 7. Nc3 Ne7 8. Bd1 0-0 9. d3 a6 10. Qh4 b5 11. Ng5 h6 12. Nf3 f5 13. Ne2 Bb7 14. Nd2 Rc8 15. c3 c4 16. Nd4 Nc6 17. Qg3 Nxd4 18. cxd4 Bxd4+ 19. Kh1 Kh7 20. Bf3 Qb6 21. exf5 exf5 22. Bxb7 Qxb7 23. Nf3 Bf6 24. dxc4 bxc4 25. h4 Nc5 26. Be3 Ne4 27. Qh3 h5 28. Nd4 Qe7 29. Rf3 Bg7 30. Rd1 c3 31. bxc3 Rxc3 32. Kh2 Qf7 33. Nb3 Rc2 34. Nc1 Rfc8 35. Rff1 R8c3 36. Qf3 Qe7 37. Ne2 Qxh4+ 38. Kg1 Ra3 39. Rc1 Rxe3 40. Qxe3 Rxe2 41. Qd3 Qg4 42. Qf3 Bd4+ 43. Kh2 Qh4+ 44. Qh3 Qxh3+ 45. Kxh3 Rxa2 46. Rc7+ Kh6 47. Rb1 Ra3+ 48. Kh2 h4 49. Rb8 Nf2 50. g3 Rxg3 51. Rh7+ Kxh7 52. Rh8+ Kg7 53. Rh7+ Kf6 54. Rf7+ Ke6 55. Rf6+ Kd5 56. Rxd6+ Ke4 57. Rxd4+ Kf3 0-1

[Event "Ruhrgebiet Verbandsklasse Gruppe 1 1617"]
[Site "Germany"]
[Date "2016.09.04"]
[Round "1.2"]
[White "Winterkamp, Sascha"]
[Black "Hermanowski, Mark"]
[Result "1-0"]
[WhiteElo "1953"]
[BlackElo "1910"]
[PlyCount "45"]
[EventDate "2016.09.04"]
[EventType "team-tourn"]
[EventRounds "9"]
[EventCountry "GER"]
[SourceTitle "EXT 2022"]
[Source "ChessBase"]
[SourceDate "2021.10.06"]
[SourceVersion "1"]
[SourceVersionDate "2021.10.06"]
[SourceQuality "1"]
[WhiteTeam "Wanne-Eickel SV Unser Fritz"]
[BlackTeam "Hervest Dorsten"]
[WhiteTeamCountry "GER"]
[BlackTeamCountry "GER"]

1. d4 e6 2. Nf3 b6 3. c3 Bb7 4. Nbd2 f5 5. e3 Nf6 6. Bd3 g6 7. Qe2 Bg7 8. e4 Qe7 9. e5 Nd5 10. Nf1 c5 11. a3 Nc6 12. Bg5 Qf8 13. Ne3 Nc7 14. Nc4 d5 15. Nd6+ Kd7 16. Nxb7 h6 17. Bd2 g5 18. Bb5 g4 19. Nh4 cxd4 20. cxd4 Nxb5 21. Qxb5 Kc7 22. Rc1 Qe8 23. Na5 1-0

[Event "Ruhrgebiet Verbandsklasse Gruppe 3 1516"]
[Site "Germany"]
[Date "2015.09.06"]
[Round "1.2"]
[White "Hermanowski, Mark"]
[Black "Sinnwell, Horst"]
[Result "0-1"]
[WhiteElo "1825"]
[BlackElo "1995"]
[PlyCount "44"]
[EventDate "2015.09.06"]
[EventType "team-tourn"]
[EventRounds "9"]
[EventCountry "GER"]
[SourceTitle "EXT 2022"]
[Source "ChessBase"]
[SourceDate "2021.10.06"]
[SourceVersion "1"]
[SourceVersionDate "2021.10.06"]
[SourceQuality "1"]
[WhiteTeam "Hervest Dorsten"]
[BlackTeam "Kirchhellen SF"]
[WhiteTeamCountry "GER"]
[BlackTeamCountry "GER"]

1. e4 e6 2. f4 d5 3. e5 c5 4. Nf3 Nc6 5. Be2 Nge7 6. 0-0 Nf5 7. c3 Be7 8. Qe1 h5 9. Na3 Qb6 10. g3 Bd7 11. Kg2 0-0-0 12. Nc2 Rdg8 13. h4 f6 14. Bd3 fxe5 15. Bxf5 exf5 16. Nxe5 Nxe5 17. Qxe5 Bf6 18. Qe2 Re8 19. Qf2 Bb5 20. Re1 Bd3 21. Ne3 d4 22. Nd5 Qc6 0-1

[Event "Ruhrgebiet Verbandsklasse Gruppe 1 1415"]
[Site "Germany"]
[Date "2015.03.29"]
[Round "8.2"]
[White "Drewes, Martin"]
[Black "Hermanowski, Mark"]
[Result "1-0"]
[WhiteElo "1917"]
[BlackElo "1801"]
[PlyCount "83"]
[EventDate "2014.09.21"]
[EventType "team-tourn"]
[EventRounds "9"]
[EventCountry "GER"]
[SourceTitle "EXT 2022"]
[Source "ChessBase"]
[SourceDate "2021.10.06"]
[SourceVersion "1"]
[SourceVersionDate "2021.10.06"]
[SourceQuality "1"]
[WhiteTeam "Waltrop SV"]
[BlackTeam "Hervest Dorsten"]
[WhiteTeamCountry "GER"]
[BlackTeamCountry "GER"]

1. e4 e6 2. d4 b6 3. Nf3 Bb7 4. Bd3 Nf6 5. Qe2 Nc6 6. c3 d6 7. Bg5 h6 8. Bxf6 gxf6 9. d5 Ne7 10. dxe6 fxe6 11. Nd4 Qd7 12. Qh5+ Kd8 13. Qf7 Qe8 14. Qxe6 Qg6 15. Nd2 d5 16. Bb5 Bc8 17. Nc6+ Nxc6 18. Qxd5+ Bd6 19. Bxc6 Rb8 20. 0-0-0 Ke7 21. g3 Be6 22. Qb5 Kf8 23. Bd5 Bc8 24. Nc4 Bc5 25. Qc6 Rh7 26. Ne5 Qg7 27. Bf7 Bg4 28. Nxg4 Qxf7 29. Nxf6 Bd6 30. Nxh7+ Qxh7 31. f4 Kg8 32. Rhe1 Bf8 33. Rd7 Bg7 34. f5 Rf8 35. Red1 h5 36. Qe6+ Kh8 37. Kc2 h4 38. g4 h3 39. Qe7 Rg8 40. Rd8 Qh6 41. Rxg8+ Kxg8 42. g5 1-0

[Event "Ruhrgebiet Verbandsklasse Gruppe 1 1415"]
[Site "Germany"]
[Date "2014.11.16"]
[Round "3.2"]
[White "Fink, Norbert"]
[Black "Hermanowski, Mark"]
[Result "1-0"]
[WhiteElo "2048"]
[BlackElo "1855"]
[PlyCount "63"]
[EventDate "2014.09.21"]
[EventType "team-tourn"]
[EventRounds "9"]
[EventCountry "GER"]
[SourceTitle "EXT 2022"]
[Source "ChessBase"]
[SourceDate "2021.10.06"]
[SourceVersion "1"]
[SourceVersionDate "2021.10.06"]
[SourceQuality "1"]
[WhiteTeam "Essen Listiger Bauer"]
[BlackTeam "Hervest Dorsten"]
[WhiteTeamCountry "GER"]
[BlackTeamCountry "GER"]

1. e4 e6 2. d4 b6 3. Bd3 Bb7 4. Nf3 Nf6 5. Qe2 Be7 6. Bg5 h6 7. Bxf6 gxf6 8. Nbd2 Rg8 9. Nf1 Bf8 10. 0-0-0 Qe7 11. Ng3 Nc6 12. Ba6 0-0-0 13. a3 d5 14. Rhe1 Bxa6 15. Qxa6+ Kb8 16. Qb5 Na5 17. exd5 Rxd5 18. Qxd5 exd5 19. Rxe7 Bxe7 20. Nf5 Bf8 21. Re1 Kc8 22. Re7 Nc4 23. g3 Rg5 24. Nxg5 Bxe7 25. Nxe7+ Kd7 26. Nxf7 Kxe7 27. Nxh6 c5 28. c3 cxd4 29. cxd4 Ke6 30. g4 Nd6 31. f3 Nb5 32. Nf5 1-0

[Event "Ruhrgebiet Verbandsklasse Gruppe 1 1415"]
[Site "Germany"]
[Date "2014.09.21"]
[Round "1"]
[White "Schwerdtfeger, Joachim"]
[Black "Hermanowski, Mark"]
[Result "0-1"]
[WhiteElo "1922"]
[BlackElo "1855"]
[PlyCount "144"]
[EventDate "2014.09.21"]
[EventType "team-tourn"]
[EventRounds "9"]
[EventCountry "GER"]
[SourceTitle "EXT 2022"]
[Source "ChessBase"]
[SourceDate "2021.10.06"]
[SourceVersion "1"]
[SourceVersionDate "2021.10.06"]
[SourceQuality "1"]
[WhiteTeam "Oberhausen SW"]
[BlackTeam "Hervest Dorsten"]
[WhiteTeamCountry "GER"]
[BlackTeamCountry "GER"]

1. e4 e6 2. d4 b6 3. Bd3 Bb7 4. Nf3 Nc6 5. c3 Nce7 6. 0-0 Ng6 7. Qe2 Nf6 8. c4 d6 9. Nc3 Be7 10. Be3 0-0 11. Rad1 Nd7 12. Bb1 e5 13. Nd5 Rc8 14. Ne1 Qe8 15. f4 exd4 16. Bxd4 Bd8 17. Qf3 f6 18. Nc2 c6 19. Nc3 f5 20. exf5 Nh4 21. Qg4 Nxf5 22. Bf2 g6 23. Nd4 Nf6 24. Qe2 Nxd4 25. Bxd4 Qxe2 26. Nxe2 d5 27. f5 g5 28. cxd5 Nxd5 29. Nc3 Nf4 30. Be5 Bc7 31. Bxc7 Rxc7 32. g3 Nh3+ 33. Kg2 g4 34. Rfe1 c5+ 35. Kf1 Ng5 36. Nd5 Ba6+ 37. Kg2 Bb7 38. Kf1 Bxd5 39. Rxd5 Nf3 40. Re2 Rf6 41. Re4 h5 42. Kg2 Nd4 43. Re8+ Kf7 44. Re1 Re7 45. Rxe7+ Kxe7 46. h3 Rd6 47. f6+ Rxf6 48. Rxh5 gxh3+ 49. Rxh3 Re6 50. Rh7+ Kd6 51. Rxa7 Re2+ 52. Kh3 Rxb2 53. Bd3 Nc6 54. Ra8 Ne5 55. a4 c4 56. Bg6 Ra2 57. Be8 Kc5 58. Rc8+ Kd4 59. g4 c3 60. g5 c2 61. Bg6 Nc4 62. Bxc2 Rxc2 63. g6 Rc3+ 64. Kh2 Rc2+ 65. Kh3 Rc3+ 66. Kh2 Ne5 67. Rxc3 Kxc3 68. g7 Ng4+ 69. Kg3 Nf6 70. Kf4 Nh5+ 71. Ke5 Nxg7 72. Kd5 Kb4 0-1

[Event "NRW Verbandsklasse Group3 1314"]
[Site "Nordrheinwestfalen"]
[Date "2014.02.16"]
[Round "7"]
[White "Kindermann, Carsten"]
[Black "Hermanowski, Mark"]
[Result "1/2-1/2"]
[WhiteElo "1929"]
[BlackElo "1828"]
[PlyCount "78"]
[EventDate "2013.09.08"]
[EventType "team-tourn"]
[EventRounds "9"]
[EventCountry "GER"]
[SourceTitle "EXT 2020"]
[Source "ChessBase"]
[SourceDate "2019.10.17"]
[SourceVersion "1"]
[SourceVersionDate "2019.10.17"]
[SourceQuality "1"]
[WhiteTeam "Weisse Dame Borbeck II"]
[BlackTeam "Hervest Dorsten"]
[WhiteTeamCountry "GER"]
[BlackTeamCountry "GER"]

1. e4 e6 2. d4 b6 3. Bd3 Bb7 4. Ne2 Ne7 5. 0-0 g6 6. c4 Bg7 7. Nbc3 0-0 8. Be3 f5 9. e5 c5 10. f4 cxd4 11. Nxd4 Nc8 12. Be2 Nc6 13. Bf3 Qe7 14. Qa4 Na5 15. Rad1 Bxf3 16. Nxf3 Rd8 17. Nb5 Nb7 18. Bf2 Nc5 19. Qa3 Qf8 20. Bh4 Ne7 21. b4 Ne4 22. Nd6 g5 23. Nxg5 Nxd6 24. Rxd6 Ng6 25. Bg3 h6 26. Nf3 Qf7 27. Rfd1 a5 28. Qd3 axb4 29. Rxb6 Bf8 30. Rb5 Rxa2 31. Nh4 Be7 32. Nxg6 Qxg6 33. Bf2 Kf7 34. c5 Qg4 35. g3 Rda8 36. Rb7 Rxf2 37. Qxd7 Rg2+ 38. Kxg2 Qe2+ 39. Kg1 Qe3+ 1/2-1/2

[Event "Gelsenkirchen Silvester op 1st"]
[Site "Gelsenkirchen"]
[Date "2013.12.29"]
[Round "4"]
[White "Schaefer, Michael2222"]
[Black "Hermanowski, Mark"]
[Result "1-0"]
[WhiteElo "1740"]
[BlackElo "2008"]
[PlyCount "59"]
[EventDate "2013.12.27"]
[EventType "swiss"]
[EventRounds "5"]
[EventCountry "GER"]
[SourceTitle "EXT 2019"]
[Source "ChessBase"]
[SourceDate "2018.10.10"]
[SourceVersion "1"]
[SourceVersionDate "2018.10.10"]
[SourceQuality "1"]

1. d4 e6 2. c4 b6 3. Nf3 Bb7 4. Nc3 Bb4 5. Qc2 f5 6. Bg5 Nf6 7. e3 Qe7 8. Bd3 Qf7 9. 0-0-0 Ne4 10. Nxe4 fxe4 11. Bxe4 Bxe4 12. Qxe4 c6 13. d5 0-0 14. d6 Bc5 15. Be7 Re8 16. Ng5 Qf5 17. Qxf5 exf5 18. Nf3 a6 19. Ne5 b5 20. h4 Bb6 21. Rh3 Bd8 22. c5 Bxe7 23. dxe7 Rxe7 24. f4 a5 25. Rg3 Na6 26. Nxd7 Rd8 27. Nf6+ Kf7 28. Rxd8 Kxf6 29. Rc8 Rc7 30. h5 1-0

[Event "Gelsenkirchen Silvester op 1st"]
[Site "Gelsenkirchen"]
[Date "2013.12.27"]
[Round "1"]
[White "Hermanowski, Mark"]
[Black "Nowok, Frank"]
[Result "0-1"]
[WhiteElo "2008"]
[BlackElo "1861"]
[PlyCount "61"]
[EventDate "2013.12.27"]
[EventType "swiss"]
[EventRounds "5"]
[EventCountry "GER"]
[SourceTitle "EXT 2019"]
[Source "ChessBase"]
[SourceDate "2018.10.10"]
[SourceVersion "1"]
[SourceVersionDate "2018.10.10"]
[SourceQuality "1"]

1. e4 g6 2. f4 Bg7 3. Nf3 d6 4. Be2 e6 5. 0-0 Ne7 6. Qe1 c5 7. Nc3 a6 8. d3 b5 9. Bd1 Nbc6 10. Ne2 f5 11. Kh1 Qb6 12. c3 Bb7 13. Ng3 Qd8 14. Be3 h6 15. Bc2 Kf7 16. Rd1 Qc7 17. Bb3 Na5 18. exf5 Nxf5 19. Nxf5 gxf5 20. Bc2 Rag8 21. Rd2 Rh7 22. Bf2 Bxf3 23. gxf3 c4 24. d4 d5 25. Bg3 Nc6 26. Re2 Nd8 27. Qf2 h5 28. Qe3 h4 29. Bf2 Qa5 30. b4 Qc7 31. Ra1 0-1

[Event "Oberhausen op"]
[Site "Oberhausen"]
[Date "2013.03.29"]
[Round "2"]
[White "Coenen, Michael"]
[Black "Hermanowski, Mark"]
[Result "1-0"]
[WhiteElo "2308"]
[BlackElo "2018"]
[PlyCount "83"]
[EventDate "2013.03.28"]
[EventType "swiss"]
[EventRounds "7"]
[EventCountry "GER"]
[SourceTitle "CBM 153 Extra"]
[Source "ChessBase"]
[SourceDate "2013.04.22"]
[SourceVersion "1"]
[SourceVersionDate "2013.04.22"]
[SourceQuality "1"]

1. e4 e6 2. d4 b6 3. Bd3 Bb7 4. Nf3 h6 5. 0-0 Nf6 6. Re1 Be7 7. e5 Nd5 8. Be4 c6 9. c4 Nc7 10. Nc3 d5 11. exd6 Bxd6 12. a3 0-0 13. Ne5 Ne8 14. b4 Qc7 15. f4 Nd7 16. c5 Be7 17. Qf3 Rc8 18. Be3 Nef6 19. Nb5 cxb5 20. Bxb7 Rb8 21. Nc6 Qxb7 22. Nxe7+ Kh8 23. c6 Qc7 24. cxd7 Qxd7 25. Nc6 Rbc8 26. Rac1 Nd5 27. Ne5 Qe7 28. f5 Kg8 29. fxe6 Qxe6 30. Bf2 Rxc1 31. Rxc1 Nf6 32. Rc6 Qa2 33. h3 Nh7 34. Qf5 Ng5 35. h4 Ne6 36. Qf3 Qa1+ 37. Kh2 Nxd4 38. Bxd4 Qxd4 39. Qg3 Re8 40. Ng4 Kh8 41. Nxh6 f6 42. Rc7 1-0

[Event "Nord West Cup 15th"]
[Site "Bad Zwischenahn"]
[Date "2013.01.24"]
[Round "1"]
[White "Hermanowski, Mark"]
[Black "Epishin, Vladimir"]
[Result "0-1"]
[WhiteElo "2028"]
[BlackElo "2582"]
[PlyCount "44"]
[EventDate "2013.01.24"]
[EventType "swiss"]
[EventRounds "7"]
[EventCountry "GER"]
[SourceTitle "CBM 152 Extra"]
[Source "ChessBase"]
[SourceDate "2013.02.25"]
[SourceVersion "1"]
[SourceVersionDate "2013.02.25"]
[SourceQuality "1"]

1. e4 b6 2. f4 Bb7 3. d3 g6 4. Nf3 Bg7 5. Be2 Nh6 6. 0-0 f5 7. e5 Nf7 8. Qe1 c5 9. Bd1 Nc6 10. Nc3 0-0 11. Qh4 e6 12. Qf2 d6 13. exd6 Qxd6 14. Kh1 Rad8 15. Qh4 Rfe8 16. Ng5 Nxg5 17. fxg5 Nd4 18. Ne2 Qc6 19. Qh3 e5 20. Be3 Ne6 21. Bd2 c4 22. Rc1 e4 0-1

[Event "Ruhrgebiet VK1 1112"]
[Site "Nordrheinwestfalen"]
[Date "2012.02.12"]
[Round "6.2"]
[White "Hein, Erwin"]
[Black "Hermanowski, Mark"]
[Result "0-1"]
[WhiteElo "1989"]
[BlackElo "1895"]
[PlyCount "70"]
[EventDate "2012.09.18"]
[EventType "team-tourn"]
[EventRounds "9"]
[EventCountry "GER"]
[SourceTitle "EXT 2020"]
[Source "ChessBase"]
[SourceDate "2019.10.17"]
[SourceVersion "1"]
[SourceVersionDate "2019.10.17"]
[SourceQuality "1"]
[WhiteTeam "Dortmund FS 98"]
[BlackTeam "Hervest Dorsten"]
[WhiteTeamCountry "GER"]
[BlackTeamCountry "GER"]

1. c4 e6 2. d4 b6 3. Nf3 Bb7 4. Nc3 Bb4 5. Qc2 f5 6. a3 Be4 7. Qd2 Be7 8. Ng5 Bb7 9. f4 Nc6 10. b4 Bxg5 11. fxg5 h6 12. d5 Ne5 13. dxe6 dxe6 14. Qe3 Ng4 15. Qxe6+ Ne7 16. Nd5 Bxd5 17. cxd5 Qxd5 18. Qxd5 Nxd5 19. gxh6 Nxh6 20. e3 0-0-0 21. h3 Rhe8 22. Ba6+ Kb8 23. Kf2 Nc3 24. Re1 b5 25. a4 bxa4 26. Ra3 Rd6 27. Bc4 Ne4+ 28. Kg1 Rb6 29. Rxa4 Nd6 30. Bd3 Nhf7 31. Bb2 Ne5 32. Be2 Nc6 33. Bf3 Ne4 34. Bxg7 Rxb4 35. Ra6 Kb7 0-1

[Event "Ruhrgebiet VK1 1112"]
[Site "Nordrheinwestfalen"]
[Date "2011.10.09"]
[Round "2"]
[White "Brockmann, Michael"]
[Black "Hermanowski, Mark"]
[Result "0-1"]
[WhiteElo "2050"]
[BlackElo "1895"]
[PlyCount "72"]
[EventDate "2012.09.18"]
[EventType "team-tourn"]
[EventRounds "9"]
[EventCountry "GER"]
[SourceTitle "EXT 2020"]
[Source "ChessBase"]
[SourceDate "2019.10.17"]
[SourceVersion "1"]
[SourceVersionDate "2019.10.17"]
[SourceQuality "1"]
[WhiteTeam "Eichlinghofen SV"]
[BlackTeam "Hervest Dorsten"]
[WhiteTeamCountry "GER"]
[BlackTeamCountry "GER"]

1. d4 e6 2. Nf3 b6 3. e4 Bb7 4. Bd3 g6 5. 0-0 Bg7 6. Bg5 Ne7 7. Qe2 0-0 8. Nbd2 c5 9. c3 f6 10. Bf4 cxd4 11. cxd4 Nbc6 12. Bd6 Re8 13. Rad1 Nc8 14. Bg3 Nb4 15. Bc4 d5 16. Bb5 Re7 17. e5 Nxa2 18. exf6 Bxf6 19. Ne5 Nb4 20. Qf3 Rg7 21. Ng4 Bg5 22. h4 h5 23. hxg5 hxg4 24. Qxg4 Re7 25. Be5 Nd6 26. Be2 Qd7 27. Nf3 Nf5 28. Bf6 Rh7 29. g3 Nc6 30. Kg2 e5 31. Nxe5 Nxe5 32. Bxe5 Re8 33. Bf6 Ba6 34. Bf3 Re4 35. Bxe4 Nh4+ 36. Qxh4 Bxf1+ 0-1

[Event "Ruhrgebiet VK1 0910"]
[Site "Ruhrgebiet"]
[Date "2010.02.21"]
[Round "7.2"]
[White "Hermanowski, Mark"]
[Black "Klasmeier, Hartmut"]
[Result "0-1"]
[WhiteElo "2052"]
[BlackElo "2051"]
[PlyCount "62"]
[EventDate "2009.09.06"]
[EventType "team"]
[EventRounds "9"]
[EventCountry "GER"]
[SourceTitle "EXT 2011"]
[Source "ChessBase"]
[SourceDate "2010.11.26"]
[SourceVersion "1"]
[SourceVersionDate "2010.11.26"]
[SourceQuality "1"]
[WhiteTeam "Hervest Dorsten"]
[BlackTeam "Borbeck Weisse Dame II"]
[WhiteTeamCountry "GER"]
[BlackTeamCountry "GER"]

1. f4 Nc6 2. b3 e5 3. fxe5 Nxe5 4. Bb2 Ng6 5. Nf3 Nf6 6. e3 d5 7. Nc3 c6 8. Ne2 Be7 9. Ng3 0-0 10. Be2 Ne4 11. Nxe4 dxe4 12. Nd4 Bf6 13. c3 c5 14. Nc2 Qd6 15. Na3 Bh4+ 16. g3 Bxg3+ 17. hxg3 Qxg3+ 18. Kf1 Nh4 19. Rxh4 Qxh4 20. Bf3 exf3 21. Qxf3 Bh3+ 22. Kg1 Rae8 23. Qf2 Qg5+ 24. Kh2 Re6 25. Qg3 Bg4 26. Rg1 Rh6+ 27. Kg2 Qd5+ 28. Kf1 Qd3+ 29. Kg2 Qxd2+ 30. Qf2 Bh3+ 31. Kf3 Rf6+ 0-1

[Event "Ruhrgebiet VK1 0910"]
[Site "Ruhrgebiet"]
[Date "2009.12.06"]
[Round "4.2"]
[White "Thesing, Irene"]
[Black "Hermanowski, Mark"]
[Result "0-1"]
[WhiteElo "1942"]
[BlackElo "2052"]
[PlyCount "146"]
[EventDate "2009.09.06"]
[EventType "team"]
[EventRounds "9"]
[EventCountry "GER"]
[SourceTitle "EXT 2011"]
[Source "ChessBase"]
[SourceDate "2010.11.26"]
[SourceVersion "1"]
[SourceVersionDate "2010.11.26"]
[SourceQuality "1"]
[WhiteTeam "Drewer SG"]
[BlackTeam "Hervest Dorsten"]
[WhiteTeamCountry "GER"]
[BlackTeamCountry "GER"]

1. e4 e6 2. d4 b6 3. c4 Bb7 4. Nc3 Bb4 5. Bd3 f5 6. d5 Bxc3+ 7. bxc3 fxe4 8. Bxe4 Qh4 9. Qe2 Nf6 10. Bd3 0-0 11. Nf3 Qh5 12. 0-0 exd5 13. Bf4 d6 14. Qe6+ Kh8 15. Rfe1 Nbd7 16. Nd4 Nc5 17. Qf5 Nxd3 18. Qxd3 Ne4 19. Ne6 Rf6 20. cxd5 Nxf2 21. Kxf2 Bxd5 22. Nxc7 Rxf4+ 23. Kg1 Bc4 24. Qxd6 Raf8 25. Ne6 Bxe6 26. Rxe6 Qb5 27. h3 h6 28. Rxh6+ Kg8 29. Rg6 Qb2 30. Qd5+ R8f7 31. Rd1 Qxc3 32. Rg5 Qe3+ 33. Kh2 R4f6 34. Re5 Qf4+ 35. Kg1 Rg6 36. Re8+ Kh7 37. Qh5+ Rh6 38. Qe2 Rhf6 39. Qh5+ Qh6 40. Qxh6+ Kxh6 41. Re2 Rf4 42. Rde1 Ra4 43. Re6+ Rf6 44. Rxf6+ gxf6 45. Re2 Kg5 46. Kf2 f5 47. Rb2 Kf4 48. g3+ Ke4 49. h4 Ke5 50. Kf3 Ra3+ 51. Kg2 Kf6 52. Rf2 Kg6 53. h5+ Kg5 54. h6 Kxh6 55. Rxf5 Rxa2+ 56. Kf3 Kg6 57. g4 Ra1 58. Rb5 Rf1+ 59. Ke4 Rf7 60. Ke5 Rf6 61. Ke4 a6 62. Re5 Kf7 63. Kd5 Rf4 64. Kc6 Rb4 65. Rf5+ Kg6 66. Rf8 a5 67. Rg8+ Kf7 68. Rd8 a4 69. Ra8 b5 70. Ra7+ Kg6 71. Rd7 Rb3 72. Kc5 a3 73. Rd1 b4 0-1